| 000 | 00481nam a22001577a 4500 | ||
|---|---|---|---|
| 008 | 230602b |||||||| |||| 00| 0 eng d | ||
| 040 |
_aNational Science Library _cNational Science Library |
||
| 080 |
_a616(213) _bK2 |
||
| 245 |
_aTropical health: _bA report on a study of needs and resources |
||
| 260 |
_aWashington: _bNational Academy of Sciences, _c1962 |
||
| 300 | _axxxi, 540p. | ||
| 365 |
_b6.50 _c$ |
||
| 490 | _aPublication 996 | ||
| 650 | _aReport | ||
| 942 |
_2udc _cREP |
||
| 999 |
_c38684 _d38684 |
||